000 00387nam a2200145Ia 4500
008 230917s9999||||xx |||||||||||||| ||und||
040 _e98269
_aMAIN
041 _aEnglish
082 _a327.54073 K527I
100 _aKhanna, Manuka
245 0 _aIndo-US relations: during the presidency of Ronald Reegan
260 _aNew Delhi
_bClassical
_c1996
300 _axiv, 279 p.
942 _cBK
999 _c95824
_d95824